| 000 | 00455cam a2200181ua 4500 | ||
|---|---|---|---|
| 020 | _c1.50 | ||
| 041 |
_amal _h |
||
| 082 |
_a894.812 308 _bMAD/MA |
||
| 100 | _aMadhavan Nair, Thinunainarkurichi . | ||
| 245 |
_aMaina / _cThirunainarkurichi Madhavan Nair. _hTextual Documents |
||
| 250 |
_a1 / _b. |
||
| 260 |
_aKonni : _bVenus Press & Book Depot,. |
||
| 300 | _a104 ; . | ||
| 365 | _a1.50 | ||
| 504 | _a | ||
| 942 | _cBK | ||
| 999 |
_c6558 _d6558 |
||